| 000 | 00362nam a2200109Ia 4500 | ||
|---|---|---|---|
| 008 | 171204s9999 xx 000 0 und d | ||
| 245 | 4 | _aThe Big Hurt's Guide to BBQ and Grilling: Recipes from My Backyard to Yours | |
| 245 | _cFrank Thomas | ||
| 260 | _c2016 | ||
| 650 | _xCulinary Arts & Sciences with Lab | ||
| 856 | _uhttp://down.ebook777.com/039/1629372293.pdf | ||
| 999 |
_c346634 _d346634 |
||